000 00295nam a22001337a 4500
008 171016b xxu||||| |||| 00| 0 eng d
020 _a9780525951230
041 _aeng
080 _a33
100 _a52
101 _aECO
245 _aCREATE YOUR OWN ECONOMIY
_cCOWEN.T
942 _2udc
_cBK
999 _c34040
_d34040